Nem véletlen az építőipar adóssága anyagbeszerzési nehézségek, létszámhiány, a gépek kihasználatlansága nehezíti a teljesítést

Elmentve itt :
Bibliográfiai részletek
Dokumentumtípus: Cikk
Megjelent: 1962-11-17
Sorozat:Délmagyarország 52 No. 269
Kulcsszavak:Építőipar problémák 1962, Csongrád megye, építőipar
Online Access:http://dmarchiv.bibl.u-szeged.hu/66067
LEADER 00564nab a2200145 i 4500
001 delm66067
005 20180927151342.0
008 180927s1962 hu o 0|| hun d
040 |a SZTE Délmagyarország Archívum  |b hun 
041 |a hun 
245 0 4 |a Nem véletlen az építőipar adóssága   |h [elektronikus dokumentum] :  |b anyagbeszerzési nehézségek, létszámhiány, a gépek kihasználatlansága nehezíti a teljesítést 
260 |c 1962-11-17 
300 |a 3 
490 0 |a Délmagyarország  |v 52 No. 269 
695 |a Építőipar problémák 1962, Csongrád megye, építőipar